000 00771nam a22002177a 4500
001 15396
003 BD-RjUL
005 20211208235816.0
008 140210s1935 en ||||| |||| 001 0 eng d
035 _a(BD-RjUL)15450
040 _aBD-RjUL
_beng
_cBD-RjUL
_dBD-RjUL
041 _aeng
082 0 4 _219
_a631
_bINT 1935
110 1 _a International Association of Agricultural Economists.
_910429
245 _aProceedings of the third International Conference of Agricultural Economists :
_bHeld at Bad Eilsen, Germany 26 August to 2 September 1934 /
260 _a London :
_b Oxford University Press,
_c1935.
300 _axi, 498 p. :
_bill. ;
_c24 cm.
504 _aIncludes index.
650 7 _aAgriculture
_v Economic aspects
_xCongresses.
_947831
942 _2ddc
_cBK
999 _c15396
_d15396